Class Two at the zoo / (Record no. 114751)
[ view plain ]
| 000 -LEADER | |
|---|---|
| fixed length control field | 00716nam a2200181 a 4500 |
| 005 - DATE AND TIME OF LATEST TRANSACTION | |
| control field | 20140414132111.0 |
| 008 - FIXED-LENGTH DATA ELEMENTS--GENERAL INFORMATION | |
| fixed length control field | 110513s19uu xx 00 eng d |
| 020 ## - INTERNATIONAL STANDARD BOOK NUMBER | |
| International Standard Book Number | 9780822571322 |
| 050 ## - LIBRARY OF CONGRESS CALL NUMBER | |
| Classification number | TR |
| Item number | C57 2007 |
| 100 ## - MAIN ENTRY--PERSONAL NAME | |
| Personal name | Jarman, Julia. |
| 245 ## - TITLE STATEMENT | |
| Title | Class Two at the zoo / |
| Statement of responsibility, etc | by Julia Jarman ; illustrations by Lynne Chapman. |
| 260 ## - PUBLICATION, DISTRIBUTION, ETC. (IMPRINT) | |
| Place of publication, distribution, etc | New York : |
| Name of publisher, distributor, etc | Scholastic , |
| Date of publication, distribution, etc | 2007. |
| 520 ## - SUMMARY, ETC. | |
| Summary, etc | While the students and teachers of Class Two are absorbed in looking at various zoo animals, a sneaky anaconda gobbles them up, until Molly sees what is happening and saves the day. |
| 650 ## - SUBJECT ADDED ENTRY--TOPICAL TERM | |
| Topical term or geographic name as entry element | Zoos |
| General subdivision | Juvenile fiction. |
| 650 ## - SUBJECT ADDED ENTRY--TOPICAL TERM | |
| Topical term or geographic name as entry element | School field trips |
| General subdivision | Juvenile fiction. |
| 650 ## - SUBJECT ADDED ENTRY--TOPICAL TERM | |
| Topical term or geographic name as entry element | Humorous stories. |
| Withdrawn status | Lost status | Damaged status | Use restrictions | Home library | Current library | Shelving location | Date acquired | Source of acquisition | Cost, normal purchase price | Total Checkouts | Full call number | Barcode | Date last seen | Price effective from | Koha item type |
|---|---|---|---|---|---|---|---|---|---|---|---|---|---|---|---|
| Munich Library | Munich Library | Teachers Reference Section | 05/13/2011 | 135.00 | TR C57 2007 | M6645 | 04/14/2014 | 04/14/2014 | Books |